Name the Angel episode by the ending Quiz Stats

Quiz not verified by Sporcle

Challenge
Share
Tweet
Embed
Score 0/25 Timer 10:00
0 Plays Today
Ending Episode % Correct
Faith breaks down in Angel's armsFive by Five
90%
Illyria rises in Fred's former bodyHole in the World
89%
Angel finds out that he may become human one dayTo Shanshu in LA
84%
Cordelia becomes part demon to deal with her visionsBirthday
82%
What is left of the Fang Gang face the retribution of Wolfram and HartNot Fade Away
82%
Connor has a happy life with his new familyHome
79%
Cordelia ascends to a higher plane while Angel sinks into the oceanTomorrow
75%
Cordelia has become a princess in PyleaOver the Rainbow
74%
Spike returns from oblivion to meet the Fang GangConviction
70%
Wes and Fred finally hook upSmile Time
70%
The Grooselug makes his way to LA to meet with CordeliaWaiting in the Wings
69%
Wesley and Angel dance (horribly) over the closing creditsShe
67%
Angel visits Faith in prisonJudgment
66%
Ending Episode % Correct
Angel spies Connor having sex with CordeliaApocalypse Nowish
66%
Drusilla re-vamps DarlaThe Trial
66%
Angel has sex with Darla Reprise
62%
Cordelia returns with amnesiaThe House ALways Wins
62%
Lindsey realizes that his place is with Wolfram and Hart after allBlind Date
61%
Cordelia reveals to the gang that she is pregnantOrpheus
58%
Connor returns from a hell dimensionThe Price
56%
The gang begins to realize that Angelus needs to returnLong Day's Journey
54%
Wesley discovers a prophecy that says Angel will kill his sonCouplet
53%
Lindsey leaves townDead End
52%
Eve is revealed to have been sleeping with LindsayDestiny
51%
The gang realizes that they unleashed a horde of demons on LAThe Ring
50%

You're not logged in!

Compare scores with friends on all Sporcle quizzes.
Join for Free
OR
Log In

You Might Also Like...

Show Comments

Extras

Created Sep 16, 2011ReportNominate
Tags:Angel Episodes

Top Quizzes Today


Score Distribution

Your Account Isn't Verified!

In order to create a playlist on Sporcle, you need to verify the email address you used during registration. Go to your Sporcle Settings to finish the process.

Report this User

Report this user for behavior that violates our Community Guidelines.

Details: